| 000 | 00534nam a22001577a 4500 | ||
|---|---|---|---|
| 999 |
_c534549 _d534549 |
||
| 020 | _qHard Cover. | ||
| 082 | _a620.44 | ||
| 100 | _aMuhammad Hussain | ||
| 245 |
_aSTUDYING PHYSICAL AND MECHANICAL PROPERTIES OF EPOXY/CNTS NANOCOMPOSITES / _cMuhammad Hussain. |
||
| 260 |
_aIslamabad: _bSCME - NUST, _c2016. |
||
| 300 |
_a62 p. : _bill. ; _c30cm. |
||
| 942 |
_2ddc _cTHE |
||
| 650 |
_aMaterial and Surface Engineering MS-Thesis. _916443 |
||
| 700 |
_aDr. Ahmed Nawaz Khan _928432 |
||